000 00612cam a2200181 4500500
005 20250921005027.0
041 _afre
042 _adc
100 1 0 _aBalibar, Étienne
_eauthor
700 1 0 _a Bouillon, Florence
_eauthor
700 1 0 _a Carton de Grammont, Sarah
_eauthor
700 1 0 _a Naepels, Michel
_eauthor
245 0 0 _aLes lieux de la politique. Citoyenneté, démocratie, périphérie
260 _c2020.
500 _a89
786 0 _nMonde commun | 4 | 1 | 2020-05-27 | p. 10-33 | 2648-2339
856 4 1 _uhttps://shs.cairn.info/revue-monde-commun-2020-1-page-10?lang=fr&redirect-ssocas=7080
999 _c1509036
_d1509036